Relations on Nigeria's foreign policies,19560-2020 (Record no. 3690)
[ view plain ]
| 000 -LEADER | |
|---|---|
| fixed length control field | 00402nam a22001457a 4500 |
| 008 - FIXED-LENGTH DATA ELEMENTS--GENERAL INFORMATION | |
| fixed length control field | 250526b |||||||| |||| 00| 0 eng d |
| 020 ## - INTERNATIONAL STANDARD BOOK NUMBER | |
| ISBN | 9789785920703 |
| 100 ## - MAIN ENTRY--AUTHOR | |
| Author | Ukhami,I. Emmanuel |
| 245 ## - TITLE STATEMENT | |
| Title | Relations on Nigeria's foreign policies,19560-2020 |
| 260 ## - PUBLICATION, DISTRIBUTION, ETC. (IMPRINT) | |
| Place of publication | Kaduna |
| Name of publisher | Pyla-mark service |
| Date of publication | 2021 |
| 300 ## - COLLATION | |
| Pagination | xviii |
| 650 ## - TRACINGS | |
| Main Subject | Nigeria-foreign Relations-1993 |
| 942 ## - ADDED ENTRY ELEMENTS (KOHA) | |
| Item type | Books |
| 050 ## - LIBRARY OF CONGRESS CALL NUMBER | |
| Classification number | DT515 |
| Item number | .U44 |
| Source of classification or shelving scheme | Not for loan | Permanent location | Current location | Date acquired | Accession No. | Full call number | Barcode. | Koha item type |
|---|---|---|---|---|---|---|---|---|
| Library of Congress Classification | Samuel Ogbemudia Main Library, University of Abuja | Samuel Ogbemudia Main Library, University of Abuja | 05/26/2025 | 2023-61313-17 | DT515.U44 | 2025-2223 | Books | |
| Library of Congress Classification | Samuel Ogbemudia Main Library, University of Abuja | Samuel Ogbemudia Main Library, University of Abuja | 05/26/2025 | 2023-61313-17 | DT515.U44 | 2025-2224 | Books | |
| Library of Congress Classification | Samuel Ogbemudia Main Library, University of Abuja | Samuel Ogbemudia Main Library, University of Abuja | 05/26/2025 | 2023-61313-17 | DT515.U44 | 2025-2225 | Books | |
| Library of Congress Classification | Samuel Ogbemudia Main Library, University of Abuja | Samuel Ogbemudia Main Library, University of Abuja | 05/26/2025 | 2023-61313-17 | DT515.U44 | 2025-2226 | Books | |
| Library of Congress Classification | Samuel Ogbemudia Main Library, University of Abuja | Samuel Ogbemudia Main Library, University of Abuja | 05/26/2025 | 2023-61313-17 | DT515.U44 | 2025-2227 | Books |